000 01598nam a2200313 a 4500
003 Mxchpua
005 20250805124740.0
007 ta
008 250709s2025 mx ado|fr|||| 001 0 spa d
040 _amxchpua
090 _aT.C.973
_bV55 SAI
_c2025
245 1 0 _aSistema agroindustrial raicilla :
_bInforme final de fase de campo /
_ccoordinador Abraham Zacarias Villegas de Gante ; colaboradores Jimena Hernández González...[y otros]
260 _aChapingo, México :
_bEl autor,
_c2025
300 _a122 páginas :
_bilustraciones, tablas, gráficas, fotografías
336 _2rdacontent
_aTexto
_btxt
337 _2rdamedia
_ano mediado
_bn
338 _2rdacarrier
_avolumen
_bnc
500 _aGrado: 6° Grupo: 4
502 _aViaje de Estudios
_b(SAI) --
_cUACh. Departamento de Ingeniería Agroindustrial,
_d2025
504 _aBibliografía : páginas 119-122
505 0 _aVisitas :
_t1. La Cascada -- 2. Sol de Oros -- 3. El Lobo de la Sierra -- 4. La Altanera -- 5. Paisaje Biocultural de Jalisco -- 6. La Palma -- 7. La Taberna (Museo de la Raicilla
650 1 3 _aBebidas alcohólicas
_xIndustria y comercio
_zMéxico
_zJalisco
_9160727
650 1 3 _aAgave
_xBebidas alcohólicas
_zMéxico
_zJalisco
_91069
650 1 3 _aAlcoholic beverages
_xIndustry and trade
_zMexico
_zJalisco
_9160726
650 1 3 _aAgave
_xAlcoholic beverages
_zMexico
_zJalisco
_91069
700 1 _aVillegas de Gante, Abraham Zacarias
_9185141
_ecoordinador
700 1 _aHernández González, Jimena
_9190783
_ecolaboradora
856 4 1 _yDESCARGAR REPORTE
_uhttp://10.13.5.2/ve/TC973_SAI/TC973_SAI_2025-REPORTE.pdf
999 _c220742
_d220742